Elements of polymer degradation /
Guardado en:
| Autor Principal: | |
|---|---|
| Otros Autores: | |
| Formato: | Libro |
| Idioma: | English |
| Publicado: |
New York :
McGraw-Hill,
c1971.
|
| Materias: | |
| Etiquetas: |
Agregar Etiqueta
Sin Etiquetas, Sea el primero en etiquetar este registro!
|
| LEADER | 00722cam a22002175a 4500 | ||
|---|---|---|---|
| 001 | EIQ.libpla003669 | ||
| 008 | 710921s1971####nyua#####b####001#0#eng#d | ||
| 005 | 20080226172139.0 | ||
| 245 | 1 | 0 | |a Elements of polymer degradation / |c [by] Leo Reich [and] Salvatore S. Stivala. |
| 260 | |a New York : |b McGraw-Hill, |c c1971. | ||
| 300 | |a xvi, 361 p. : |b il. ; |c 24 cm. | ||
| 504 | |a Incluye referencias bibliográficas e índice. | ||
| 020 | |a 0070517606 | ||
| 100 | 1 | |a Reich, Leo. | |
| 700 | 1 | |a Stivala, Salvatore S., |d 1923- | |
| 082 | 0 | 0 | |a 547/.1/393 |
| 650 | 4 | |a Polímeros |x Degradación. | |
| 650 | 4 | |a Polymers |x Degradation. | |
| 010 | |a 75148995 | ||
| 040 | |a DLC |c DLC |d AR-BbSID | ||
| 859 | |a AR-BbSID |b BIB. PLAPIQUI |h 620.194 |i R 271 |p 756 | ||
